Dentzer-Feydy Jacqueline, Dentzer Jean-Marie, Blanc Pierre-Marie éd., Hauran, II : Les installations de Si’ 8, du sanctuaire à l’établissement viticole (Bibliothèque archéologique et historique, 164), Beyrouth, Institut français d’archéologie du Proche-Orient, 2003, 2 vol. 22,5 × 28 ; vol. 1 : 332 p., fig. ds t. ; vol. 2 : 199 pl. (notice n° 1595741)
[ vue normale ]
| 000 -LEADER | |
|---|---|
| fixed length control field | 00795cam a2200145 4500500 |
| 005 - DATE AND TIME OF LATEST TRANSACTION | |
| control field | 20251228073711.0 |
| 041 ## - LANGUAGE CODE | |
| Language code of text/sound track or separate title | fre |
| 042 ## - AUTHENTICATION CODE | |
| Authentication code | dc |
| 100 10 - MAIN ENTRY--PERSONAL NAME | |
| Personal name | Chrétien-Happe, Isabelle |
| Relator term | author |
| 245 00 - TITLE STATEMENT | |
| Title | Dentzer-Feydy Jacqueline, Dentzer Jean-Marie, Blanc Pierre-Marie éd., Hauran, II : Les installations de Si’ 8, du sanctuaire à l’établissement viticole (Bibliothèque archéologique et historique, 164), Beyrouth, Institut français d’archéologie du Proche-Orient, 2003, 2 vol. 22,5 × 28 ; vol. 1 : 332 p., fig. ds t. ; vol. 2 : 199 pl. |
| 260 ## - PUBLICATION, DISTRIBUTION, ETC. | |
| Date of publication, distribution, etc. | 2005.<br/> |
| 500 ## - GENERAL NOTE | |
| General note | 15 |
| 786 0# - DATA SOURCE ENTRY | |
| Note | Revue archéologique | 40 | 2 | 2005-09-01 | p. 365zm-437zm | 0035-0737 |
| 856 41 - ELECTRONIC LOCATION AND ACCESS | |
| Uniform Resource Identifier | <a href="https://shs.cairn.info/revue-archeologique-2005-2-page-365zm?lang=fr&redirect-ssocas=7080">https://shs.cairn.info/revue-archeologique-2005-2-page-365zm?lang=fr&redirect-ssocas=7080</a> |
Pas d'exemplaire disponible.




Réseaux sociaux